000 00406nam a2200145Ia 4500
008 231129s2009||||xx |||||||||||||| ||spa||
020 _a978-958-99302-0-5
040 _bspa
082 _a384.54 R279r
100 _aRadio Cadena Nacional - RCN
245 0 _aRCN la Radio de Colombia
260 _c2009
264 _a[Bogotá] ; Radio Cadena Nacional
942 _2ddc
_cBKS
999 _c23744
_d23744